|
|
|
|
| LEADER |
00000cam a22000004a 4500 |
| 001 |
musev2_98972 |
| 003 |
MdBmJHUP |
| 005 |
20230905053358.0 |
| 006 |
m o d |
| 007 |
cr||||||||nn|n |
| 008 |
201216t20212021flu o 00 0 eng d |
| 020 |
|
|
|a 9780813057835
|
| 020 |
|
|
|z 9780813066929
|
| 035 |
|
|
|a (OCoLC)1232010667
|
| 040 |
|
|
|a MdBmJHUP
|c MdBmJHUP
|
| 100 |
1 |
|
|a Simons, Robert W.,
|e auteur.
|
| 245 |
1 |
4 |
|a The Ecology of the Trees, Shrubs, and Woody Vines of Northern Florida /
|c Robert W. Simons.
|
| 250 |
|
|
|a 1.
|
| 264 |
|
1 |
|a Gainesville :
|b University Press of Florida,
|c 2021.
|
| 264 |
|
3 |
|a Baltimore, Md. :
|b Project MUSE,
|c 2022
|
| 264 |
|
4 |
|c ©2021.
|
| 300 |
|
|
|a 1 online resource (438 pages).
|
| 336 |
|
|
|a text
|b txt
|2 rdacontent
|
| 337 |
|
|
|a computer
|b c
|2 rdamedia
|
| 338 |
|
|
|a online resource
|b cr
|2 rdacarrier
|
| 588 |
|
|
|a Description based on print version record.
|
| 650 |
|
7 |
|a Woody plants
|x Ecology.
|2 fast
|0 (OCoLC)fst01179977
|
| 650 |
|
7 |
|a Woody plants.
|2 fast
|0 (OCoLC)fst01179965
|
| 650 |
|
7 |
|a Trees
|x Ecology.
|2 fast
|0 (OCoLC)fst01156017
|
| 650 |
|
7 |
|a Shrubs
|x Ecology.
|2 fast
|0 (OCoLC)fst01117870
|
| 650 |
|
6 |
|a Woody plants
|z Florida
|x Identification.
|
| 650 |
|
6 |
|a Woody plants
|x Ecology
|z Florida.
|
| 650 |
|
6 |
|a Trees
|x Ecology
|z Florida.
|
| 650 |
|
6 |
|a Shrubs
|x Ecology
|z Florida.
|
| 650 |
|
6 |
|a Climbing plants
|x Ecology
|z Florida.
|
| 650 |
|
0 |
|a Woody plants
|z Florida
|x Identification.
|
| 650 |
|
0 |
|a Woody plants
|x Ecology
|z Florida.
|
| 650 |
|
0 |
|a Trees
|x Ecology
|z Florida.
|
| 650 |
|
0 |
|a Shrubs
|x Ecology
|z Florida.
|
| 650 |
|
0 |
|a Climbing plants
|x Ecology
|z Florida.
|
| 651 |
|
7 |
|a Florida.
|2 fast
|0 (OCoLC)fst01205150
|
| 655 |
|
7 |
|a Livres numeriques.
|2 rvmgf
|
| 655 |
|
7 |
|a Field guides.
|2 fast
|0 (OCoLC)fst01940354
|
| 655 |
|
7 |
|a Electronic books.
|2 local
|
| 710 |
2 |
|
|a Project Muse.
|e distributor
|
| 830 |
|
0 |
|a Book collections on Project MUSE.
|
| 856 |
4 |
0 |
|z Texto completo
|u https://projectmuse.uam.elogim.com/book/98972/
|
| 945 |
|
|
|a Project MUSE - Custom Collection
|